000 00432nam a2200169Ia 4500
999 _c28833
_d28833
003 OSt
005 20250717110334.0
008 250310s9999||||xx |||||||||||||| ||und||
040 _c.
082 _a510.2462
_bG841
100 _91611
_aGrewal, B. S.
245 0 _aHigher engineering mathematics /
_cB. S. Grewal
250 _a20th ed.
260 _aDelhi :
_bKhanna Publications,
_c1988.
300 _aviii,1022 p.
942 _cBK
_2ddc